Vladimír Ijlič Lenin /
Uložené v:
| Hlavný autor: | |
|---|---|
| Médium: | Kniha |
| Jazyk: | Czech Russian |
| Vydané: |
Praha :
Mladá fronta,
1967.
|
| Vydanie: | 3. vyd. |
| Edícia: | K 50. výročí VŘSR
|
| ISBN: |
(viaz.) |
| Fyzický popis: |
124 s. |
| Tagy: |
Pridať tag
Žiadne tagy, Buďte prvý kto otaguje tento záznam!
|
Titul je dostupný aj v ... 

MARC
| LEADER | 00000nam a2200000 a 4500 | ||
|---|---|---|---|
| 001 | 000171830 | ||
| 005 | 20101113162354.0 | ||
| 008 | 040101s1967 xr e czeod | ||
| 020 | |a (viaz.) |c Kčs 48,00 | ||
| 040 | |a SVKKK |b slo |c SVKKK |e AACR2 | ||
| 041 | 1 | |a cze |h rus | |
| 044 | |a xr |c CZ | ||
| 100 | 1 | |a Majakovskij, Vladimir Vladimirovič, |d 1893-1930. |4 aut | |
| 245 | 1 | 0 | |a Vladimír Ijlič Lenin / |c Vladimir Vladimirovič Majakovskij. |
| 250 | |a 3. vyd. |b v Mladé frontě 1. | ||
| 260 | |a Praha : |b Mladá fronta, |c 1967. | ||
| 300 | |a 124 s. | ||
| 490 | 1 | |a K 50. výročí VŘSR | |
| 830 | 0 | |a K 50. výročí VŘSR | |
| 910 | |a svkkk | ||
| 998 | |a BK | ||
| 090 | |g SCKHL |k Sklad Pribinova 3. posch. |a V.66731 |j 392804 |i 171830-10 |s Absenčne | ||